000 00947nam a22002057a 4500
005 20231206123639.0
010 _aHIN-126462
020 _a9789392380211
_c550.00
035 _aHN-98808
037 _bDBAD/PUB.
082 _a921
100 _aखत्री,राम कृष्ण
_959571
245 _aशहीदों की छाया में/
_c राम कृष्ण खत्री;सम्पादक द्वारा सुधीर विधार्थी
250 _a1
260 _aदिल्ली
_bअनन्य प्रकशन
_c2022
270 _aई-17, पंचशील गार्डन, नवीन शाहदरा
_bदिल्ली
_e110032
300 _a262पृष्ट;
_c23 सेमी (सजिल्द)
710 _aसुधीर विधार्थी
_eसम्पादक
_959523
942 _aDPL
_cHN
_2ddc
_h921
_mखत्रीरा
999 _c199485
_d199485